|
|
|
แสดงรายละเอียดบรรณานุกรม |
|
|
Brief Record
: Get Marc (ISO 2709)
: E-mail record
: |
|
|
| LEADER 00000nam 2200000uu 4500 | |||
| 001 13399128786 | |||
| 003 BCNR | |||
| 008 030821s2568 th a 000 0 tha d | |||
| 020 ^a9786166220520 | |||
| 041 ^atha | |||
| 060 04 ^aQW805^bต367 2568 | |||
| 245 00 ^aตำราวิทยาวัคซีน ว่าด้วยวัคซีนรุ่นใหม่ =^bTextbook of vaccinology new generation vaccines /^cพรรณี ปิติสุทธิธรรม, ชยันต์ พิเชียรสุนทร และ วีระพงษ์ ภูมิรัตนประพิณ, บรรณาธิการ | |||
| 246 31 ^aTextbook of vaccinology new generation vaccines | |||
| 250 ^aพิมพ์ครั้งที่ 1 | |||
| 260 ^aกรุงเทพฯ :^bศูนย์ทดสอบวัคซีน คณะเวชศาสตร์เขตร้อน มหาวิทยาลัยมหิดล,^c2568 | |||
| 300 ^a332 หน้า :^bตาราง ;^c25 ซม. | |||
| 505 0 ^aบทที่ 1 การวิจัยและพัฒนาวัคซีน -- บทที่ 2 วัคซีนไข้เลือดออก -- บทที่ 3 วัคซีนไข้หวัดใหญ่ตามฤดูกาล -- บทที่ 4 วัคซีนไข้หวัดใหญ่ชนิดครอบคลุม -- บทที่ 5 วัคซีนโควิด-19 -- บทที่ 6 วัคซีนงูสวัด -- บทที่ 7 วัคซีนไข้สมองอักเสบชนิดเจอี -- บทที่ 8 วัคซีนชิคุนกุนยา -- บทที่ 9 วัคซีนและการให้วัคซีนในผู้ป่วยโรคไตเรื้อรัง -- บทที่ 10 วัคซีนมาลาเรีย -- บทที่ 11 วัคซีนเอ็มพอกซ์ -- บทที่ 12 วัคซีนพิษสุนัขบ้า -- บทที่ 13 วัคซีนโรคอุบัติใหม่ -- บทที่ 14 วัคซีนเอชพีวี -- บทที่ 15 วัคซีนเอชไอวี -- บทที่ 16 วัคซีนไอกรนชนิดไร้เซลล์ | |||
| 650 2 ^aImmunization | |||
| 650 2 ^aVaccines | |||
| 650 4 ^aวัคซีน | |||
| 700 0 ^aพรรณี ปิติสุทธิธรรม,^eบรรณาธิการ | |||
| 700 0 ^aชยันต์ พิเชียรสุนทร,^eบรรณาธิการ | |||
| 700 0 ^aวีระพงษ์ ภูมิรัตนประพิณ,^eบรรณาธิการ | |||
| 710 2 ^aมหาวิทยาลัยมหิดล. ^bคณะเวชศาสตร์เขตร้อน.^bศูนย์ทดสอบวัคซีน | |||
| 999 ^aบรรณารักษ์ | |||
| คุณยังไม่ได้ล็อกอิน คุณสามารถมีกิจกรรมร่วมกับเว็บไซต์ได้ แต่ต้องล็อกอินก่อน :: |
|
| สถานะ | |||||||||
| 1. | หนังสือ | QW805 ต367 2568 c.1 Barcode: 087749 | ►หนังสือทั่วไป | On Shelf *เพิ่งรับคืน | |||||
| 2. | หนังสือ | QW805 ต367 2568 c.2 Barcode: 087750 | ►หนังสือทั่วไป | On Shelf *เพิ่งรับคืน | |||||
| 3. | หนังสือ | QW805 ต367 2568 c.3 Barcode: 087751 | ►หนังสือทั่วไป | On Shelf *เพิ่งรับคืน | |||||
| 4. | หนังสือ | QW805 ต367 2568 c.4 Barcode: 087752 | ►หนังสือทั่วไป | On Shelf *เพิ่งรับคืน | |||||
| 5. | หนังสือ | QW805 ต367 2568 c.5 Barcode: 087753 | ►หนังสือทั่วไป | On Shelf *เพิ่งรับคืน | |||||
| 6. | หนังสือ | QW805 ต367 2568 c.6 Barcode: 087754 | ►หนังสือทั่วไป | On Shelf *เพิ่งรับคืน | |||||
| 7. | หนังสือ | QW805 ต367 2568 c.7 Barcode: 087755 | ►หนังสือทั่วไป | On Shelf *เพิ่งรับคืน | |||||
| 8. | หนังสือ | QW805 ต367 2568 c.8 Barcode: 087756 | ►หนังสือทั่วไป | On Shelf *เพิ่งรับคืน | |||||
| 9. | หนังสือ | QW805 ต367 2568 c.9 Barcode: 087757 | ►หนังสือทั่วไป | On Shelf *เพิ่งรับคืน | |||||
| 10. | หนังสือ | QW805 ต367 2568 c.10 Barcode: 087758 | ►หนังสือทั่วไป | On Shelf *เพิ่งรับคืน | |||||
| [แสดง 10/10 รายการ] | |||||||||
BibComment |
| คอมเมนท์ทรัพยากรรายการนี้ |
|
|